Smart choice 1 (Teacher's book)

Smart Choice is a complete four-skills course with a special focus on conversation. With its straightforward approach, the series requires minimal preparation, while allowing plenty of opportunity for supplementation. Each page of Smart Choice offers a self-contained lesson, focusing on a particular...

Cur síos iomlán

Đã lưu trong:
Sonraí Bibleagrafaíochta
Príomhúdar: Wilson, Ken
Formáid: Leabhar
Teanga:Undetermined
Foilsithe: New York Oxford University Press 2007
Ábhair:
Clibeanna: Cuir Clib Leis
Gan Chlibeanna, Bí ar an gcéad duine leis an taifead seo a chlibeáil!
Thư viện lưu trữ: Trung tâm Học liệu Trường Đại học Cần Thơ
LEADER 01123nam a2200217Ia 4500
001 CTU_123900
008 210402s9999 xx 000 0 und d
020 |c 149000 
082 |a 428.24 
082 |b W749/T.1 
100 |a Wilson, Ken 
245 0 |a Smart choice 1 (Teacher's book) 
245 0 |c Ken Wilson, Thomas Healy 
260 |a New York 
260 |b Oxford University Press 
260 |c 2007 
520 |a Smart Choice is a complete four-skills course with a special focus on conversation. With its straightforward approach, the series requires minimal preparation, while allowing plenty of opportunity for supplementation. Each page of Smart Choice offers a self-contained lesson, focusing on a particular skill, and closes with a discussion activity. A balance of work on speaking, listening, reading, writing, grammar, vocabulary, and pronunciation ensures a high level of student engagement, as well as mutual reinforcement of the language skills. 
650 |a English language 
650 |x textbooks for foreign speakers 
904 |i Năm 
980 |a Trung tâm Học liệu Trường Đại học Cần Thơ